|
|
|
|
| LEADER |
00000cam a2200000 ca4500 |
| 001 |
146974166 |
| 003 |
DE-627 |
| 005 |
20230524153518.0 |
| 007 |
tu |
| 008 |
940320m17841792ru ||||| 00| ||ger c |
| 024 |
7 |
|
|a VD18 14555328-005
|2 vd18
|
| 035 |
|
|
|a (DE-627)146974166
|
| 035 |
|
|
|a (DE-576)9146974164
|
| 035 |
|
|
|a (DE-599)GBV146974166
|
| 040 |
|
|
|a DE-627
|b ger
|c DE-627
|e rakwb
|
| 041 |
|
|
|a ger
|
| 044 |
|
|
|c XA-RU
|c XA-DXDE
|
| 084 |
|
|
|a 08.43
|2 bkl
|
| 100 |
1 |
|
|0 (DE-588)118549553
|0 (DE-627)133366979
|0 (DE-576)161391192
|4 aut
|a Herder, Johann Gottfried von
|d 1744-1803
|
| 109 |
|
|
|a Heerder 1744-1803
|a Herder, M. J. J. 1744-1803
|a Herder, J. J. 1744-1803
|a Gerder, Iogann Gotfrid 1744-1803
|a Herder, Giovanni Goffredo 1744-1803
|a Herder, Juan Godofredo de 1744-1803
|a Herder, John Godfrey 1744-1803
|a Herder, Johann Gottfried von 1744-1803
|a Herder, J. G. v. 1744-1803
|a Herder, Johann Gottfried 1744-1803
|a Gerder, I. G. 1744-1803
|a Gerder, Iogann G. 1744-1803
|a Herder, J. Gottfried 1744-1803
|a Herder, J. G. 1744-1803
|a Herder, Johan Gotfrid 1744-1803
|a Herder 1744-1803
|a Gerder 1744-1803
|a Herder, J. G. von 1744-1803
|a Herder, Gottfried v. 1744-1803
|a Heteer 1744-1803
|a Heerde, J. G. 1744-1803
|a Herder, G. v. 1744-1803
|a Herder, Joh. Gottfried 1744-1803
|a Herder, Gottfried 1744-1803
|a Herder, Yôhan Gôtfrîd fôn 1744-1803
|a Herder, Joh. Gottfr. v. 1744-1803
|a Gerder, Jogann Gotfrid 1744-1803
|a Herder, Joh. Gottfr. von 1744-1803
|a Herder, Joh. Gottfr. 1744-1803
|a Herder, Johann 1744-1803
|a Herder, Joh. Ge. von 1744-1803
|a Herder, Joannus Godofredus 1744-1803
|a Herderus, Joannus Godofredus 1744-1803
|a Hearde, J. G. 1744-1803
|a Von Herder, Johann Gottfried 1744-1803
|a Herder, Johann George 1744-1803
|a Herder, I. G. v. 1744-1803
|a He'erde, J. G. 1744-1803
|a Cherder, Jochan Gotfrid 1744-1803
|
| 245 |
1 |
0 |
|a Ideen zur Philosophie der Geschichte der Menschheit
|c von Johann Gottfried Herder
|
| 264 |
|
1 |
|a Riga
|a Leipzig
|b Hartknoch
|c 1784-1792
|
| 300 |
|
|
|c 8°
|
| 336 |
|
|
|a Text
|b txt
|2 rdacontent
|
| 337 |
|
|
|a ohne Hilfsmittel zu benutzen
|b n
|2 rdamedia
|
| 338 |
|
|
|a Band
|b nc
|2 rdacarrier
|
| 500 |
|
|
|a Vorlageform der Veröffentlichungsangabe: Riga und Leipzig, bei Johann Friedrich Hartknoch
|
| 601 |
|
|
|a Philosophie
|
| 601 |
|
|
|a Geschichte
|
| 601 |
|
|
|a Menschheit
|
| 655 |
|
7 |
|a Traktat
|0 (DE-627)096633247
|2 local
|
| 689 |
0 |
0 |
|d s
|0 (DE-588)4020529-0
|0 (DE-627)104598778
|0 (DE-576)208933743
|2 gnd
|a Geschichtsphilosophie
|
| 689 |
0 |
|
|5 (DE-627)
|
| 700 |
1 |
|
|0 (DE-588)116490845
|0 (DE-627)077987861
|0 (DE-576)215568443
|4 prt
|a Hartknoch, Johann Friedrich
|c der Jüngere
|d 1769-1819
|
| 751 |
|
|
|a Riga
|0 (DE-588)4050042-1
|0 (DE-627)104452072
|0 (DE-576)209085231
|4 pup
|
| 751 |
|
|
|a Leipzig
|0 (DE-588)4035206-7
|0 (DE-627)104798998
|0 (DE-576)209011246
|4 pup
|
| 850 |
|
|
|a RedVD18-DE-12
|
| 912 |
|
|
|a vd18
|
| 935 |
|
|
|a FRST
|a mteo
|
| 936 |
b |
k |
|a 08.43
|j Geschichtsphilosophie
|q ARK
|0 (DE-627)106403028
|
| 951 |
|
|
|a MC
|
| ELC |
|
|
|b 1
|
| LOK |
|
|
|0 000 xxxxxcx a22 zn 4500
|
| LOK |
|
|
|0 001 4325072187
|
| LOK |
|
|
|0 003 DE-627
|
| LOK |
|
|
|0 004 146974166
|
| LOK |
|
|
|0 005 20240923083514
|
| LOK |
|
|
|0 008 230524||||||||||||||||ger|||||||
|
| LOK |
|
|
|0 040
|a DE-Tue135
|c DE-627
|d DE-Tue135
|
| LOK |
|
|
|0 092
|o n
|
| LOK |
|
|
|0 852
|a DE-Tue135
|
| LOK |
|
|
|0 852 1
|9 00
|
| LOK |
|
|
|0 866
|x SPQUE#Bibliothek der Franckeschen Stiftungen
|
| LOK |
|
|
|0 935
|a FRST
|
| LOK |
|
|
|0 939
|a 24-05-23
|b l01
|
| ORI |
|
|
|a SA-MARC-ixtheoa001.raw
|
| REL |
|
|
|a 1
|
| SPR |
|
|
|a 1
|t IXT
|t REL
|
| STA |
0 |
0 |
|a Philosophy of history,History,History
|
| STB |
0 |
0 |
|a Philosophie de l'histoire
|
| STC |
0 |
0 |
|a Filosofía de la historia
|
| STD |
0 |
0 |
|a Filosofia della storia
|
| STE |
0 |
0 |
|a 历史哲学
|
| STF |
0 |
0 |
|a 歷史哲學
|
| STG |
0 |
0 |
|a Filosofia da história
|
| STH |
0 |
0 |
|a Философия истории
|
| STI |
0 |
0 |
|a Φιλοσοφία της ιστορίας
|
| SUB |
|
|
|a REL
|
| SYG |
0 |
0 |
|a Geschichte
|